000 00768nam a22002177a 4500
003 UA-OsUOA
001 82242
007 ta
008 20120224b un ||||| |||| 00| 0 ukr d
100 _aБаюра Д.
090 _a330(477)
_bБ33
942 _cSA
040 _aUA-OsUOA
_bukr
_cUA-OsUOA
_dUA-OsUOA
245 _aСлужба корпоративного секретаря як інститут удосконалення систем корпоративного управління публічних акціонерних товариств
300 _aС.27-32
955 _a0
041 _aukr
080 _a330(477)
773 0 _w82239
_tУкраїна: аспекти праці
_dК.
_d2012
_g1
650 7 _a330 Економіка взагалі
_2UDC
999 _c368546
_d368546